Statistics for Paris SG - Barcelona UEFA Champions League 2016-17

Click here to take the quiz!

General Stats

  • This quiz has been taken 166 times
  • The average score is 18 of 29

Answer Stats

Answer % Correct
Lionel Messi
99%
Neymar
99%
Luis Suarez
98%
Gérard Piqué
96%
Andrès Iniesta
91%
Sergio Busquets
88%
Jordi Alba
88%
Marc-André ter Stegen
85%
Samuel Umtiti
83%
Sergi Roberto
81%
Ivan Rakitic
79%
Marquinhos
67%
Luis Enrique
66%
Kévin Trapp
64%
Marco Verratti
62%
Julian Draxler ¹
54%
Layvin Kurzawa
54%
Unai Emery
48%
Blaise Matuidi
43%
Adrien Rabiot
42%
Presnel Kimpembe
42%
Thomas Meunier
39%
Rafinha
37%
André Gomes
36%
Javier Pastore
33%
Edinson Cavani ¹
30%
Angel Di Maria ²
30%
Lucas Moura
30%
Christopher Nkunku
9%

Score Distribution

Percentile by Number Answered

Percent of People with Each Score

Your Score History

You have not taken this quiz